|
|
|
|
| LEADER |
00000nam0a2200000 4500 |
| 001 |
342708 |
| 005 |
20231102005500.0 |
| 010 |
|
|
|a 9785170628230
|
| 035 |
|
|
|a (RuTPU)RU\TPU\book\371887
|
| 090 |
|
|
|a 342708
|
| 100 |
|
|
|a 20190321d2016 m y0rusy50 ca
|
| 101 |
1 |
|
|a rus
|c eng
|
| 102 |
|
|
|a RU
|
| 105 |
|
|
|a y z 000ay
|
| 200 |
1 |
|
|a О дивный новый мир
|e роман
|e пер. с англ.
|f О. Хаксли
|
| 210 |
|
|
|a Москва
|c АСТ
|d 2016
|
| 215 |
|
|
|a 285 с.
|
| 225 |
1 |
|
|a Зарубежная классика
|
| 330 |
|
|
|a "О дивный новый мир" - изысканная и остроумная антиутопия о генетически программируемом "обществе потребления", в котором разворачивается трагическая история Дикаря - "Гамлета" этого мира.
|
| 606 |
1 |
|
|a Английская литература
|2 stltpush
|3 (RuTPU)RU\TPU\subj\29042
|9 52454
|
| 610 |
1 |
|
|a художественная литература
|
| 610 |
1 |
|
|a антиутопии
|
| 610 |
1 |
|
|a романы
|
| 675 |
|
|
|a 82
|v 4
|
| 700 |
|
1 |
|a Хаксли
|b О.
|g Олдос
|
| 801 |
|
1 |
|a RU
|b 63413507
|c 20190321
|
| 801 |
|
2 |
|a RU
|b 63413507
|c 20210112
|g RCR
|
| 942 |
|
|
|c BK
|